000 00485nam a2200169 i 4500
001 24258
003 ES-MaACL
005 20251015063042.0
007 t|
008 021216m18621864fr ||||1| fre d
100 1 _aAmpère, Jean-Jacques,
_d1800-1864
_9167916
245 1 3 _aL' histoire romaine a Rome /
_cpar J. J. Ampere.
260 _aParís :
_b[s.n.,
_c1862-64] (
_fSimon Raçon)
300 _a4 v. ;
_c27 cm.
852 _aES-MaACL
_jF-5697-700
999 _c24258
_d24258